<La> science économique
Salvato in:
| Autore principale: | |
|---|---|
| Altri autori: | |
| Natura: | Libro |
| Lingua: | francese |
| Pubblicazione: |
Paris
Éditions du Seuil
1988
|
| Soggetti: | |
| Tags: |
Nessun Tag, puoi essere il primo ad aggiungerne!!
|
MARC
| LEADER | 00000nam$a2200000$$$4500 | ||
|---|---|---|---|
| 001 | 0112981 | ||
| 005 | 20240111123247.3 | ||
| 020 | |a 2-02-010086-X | ||
| 041 | 0 | |a fre | |
| 044 | |a FR | ||
| 245 | 1 | 0 | |a <La> science économique |c Bernard Walliser, Charles Prou |
| 264 | 1 | |a Paris |b Éditions du Seuil |c 1988 | |
| 300 | |a 394 s. | ||
| 610 | 2 | 0 | |a ekonómia |
| 610 | 2 | 0 | |a veda ekonomická |
| 610 | 2 | 0 | |a metodológia |
| 100 | 1 | |a Walliser, Bernard | |
| 700 | 1 | |a Prou, Charles | |